Представление документа в формате MARC21

Поле Инд. ПП Название Значение
Тип записи a
Библиографический уровень m
001 Контрольный номер RU/LIBMSTU/263571837
005 Дата корректировки 20191018145738.7
020 00 a ISBN 5-282-02234-6
c Цена, тираж 144-25
084 a Индекс другой классификации/Индекс ББК 67я2
090 00 a Полочн. индекс 67я2
x Авторский знак П 32
100 10 a Автор Пиляева В. В.
245 00 a Заглавие Цивильное право
b Продолж. заглавия Энциклопедический словарь
260 00 a Место издания Москва
b Издательство Экономика
c Дата издания 2003
300 00 a Объем 622 с.
504 00 a Библиография Библиогр.: с. 554-558
650 _4 a Основная рубрика Право-Энциклопедии
653 00 a Ключевые слова Гражданское право
a Ключевые слова Право
a Ключевые слова Римское право
a Ключевые слова Цивильное право
901 t Тип документа m
990 00 f Даты поступлений (DOS) 11.03